PSYCHOLOGICAL TESTING: HISTORY, PRINCIPLES AND APPLICATION (Record no. 15062)

MARC details
000 -LEADER
fixed length control field 00312nam a22001337a 4500
003 - CONTROL NUMBER IDENTIFIER
control field SGT
082 ## - DEWEY DECIMAL CLASSIFICATION NUMBER
Classification number 157
Item number P17G
100 ## - MAIN ENTRY--PERSONAL NAME
Personal name GREGORY, ROBERT
245 ## - TITLE STATEMENT
Title PSYCHOLOGICAL TESTING: HISTORY, PRINCIPLES AND APPLICATION
250 ## - EDITION STATEMENT
Edition statement 7TH
260 ## - PUBLICATION, DISTRIBUTION, ETC. (IMPRINT)
Place of publication, distribution, etc INDIA
Name of publisher, distributor, etc PERSON
Year of Publication 2017
300 ## - PAGE DESCRIPTION
No. of Pages 602
942 ## - ADDED ENTRY ELEMENTS (KOHA)
Source of classification or shelving scheme Dewey Decimal Classification
Koha item type Books
942 ## - ADDED ENTRY ELEMENTS (KOHA)
-- 6
Holdings
Withdrawn status Lost status Source of classification or shelving scheme Damaged status Not for loan Collection code Home library Current library Shelving location Date acquired Vendor Name Cost, normal purchase price SGTU Bill Number Total Checkouts Full call number Accession No. (Barcode) Date last seen Date last borrowed Bill Date Koha item type
    Dewey Decimal Classification     MEDICAL SGT Engineering Library SGT Engineering Library Text Book 05/02/2018 ABC 529.00 SGTU 9089 16 157 P17G FM10373 05/04/2024 05/04/2024 13/12/2017 Books
    Dewey Decimal Classification     MEDICAL SGT Engineering Library SGT Engineering Library Text Book 05/02/2018 ABC 529.00 SGTU 9089 9 157 P17G FM10375 05/04/2024 05/04/2024 13/12/2017 Books
    Dewey Decimal Classification     MEDICAL SGT Medical Library SGT Medical Library Text Book 05/02/2018 ABC 529.00 SGTU 9089 1 157 P17G FM10374 26/03/2019 24/01/2019 13/12/2017 Books